Протоколы заседаний Главлескома, доклады, сведения и другие материалы о лесозаготовительных работах

Доступно только в Электронных читальных залах Найти на картеНа карте
RUSMARC
00004097nmc2a22002771x 450
00175e50ca6-9c5b-4001-b5f5-1990d99623d8
00520151119173818.0
100##$a20150729l19191920k y0rusy50 ca
1010#$arus
102##$aRU
105##$ay z |||||
1222#$ad19191101
$ad19200113
2001#$aПротоколы заседаний Главлескома, доклады, сведения и другие материалы о лесозаготовительных работах
$j1 ноября 1919 - 13 января 1920
215##$a140 листов
$cграф.
251##$cДело
300##$aЛисты: 121 - графический; 2, 3, 4, 7, 12, 13, 17, 24, 26, 57 - малоконтрастные и трудночитаемые; 94, 137 - поврежденные; 58 - красные чернила
300##$aЧасть текста рукописная, часть - машинописная
324##$aВ деле имеются копии отдельных документов
330##$aВходит в раздел описи: II. Канцелярия. А. Переписка с Наркоматами и другими учреждениями. 26. Главный Лесной Комитет
461#0$1001ad6baeac-e292-4829-90d1-2f4f65796a62
$12001
$aСОВЕТ НАРОДНЫХ КОМИССАРОВ РСФСР (СНК РСФСР)
$1251
$cФонд
$1852
$j130
$gР
462#0$1001b67950a2-451c-4959-b990-a53e352adcaa
$12001
$a1919 год
$vД. 335
$1251
$cОпись
$1852
$j3
60101$3RU\NLR\AUTH\661074810
$aРСФСР
$bСовет Народных Комиссаров
60101$3RU\NLR\AUTH\889995857
$aРСФСР
$bЦентральное управление лесной промышленности
801#0$aRU
$bGA_RF
801#1$aRU
$bНПО Опыт
$c20150729
$2rusmarc
801#2$aRU
$bПБ им. Б.Н. Ельцина
$c20151119
$gRCR
$2rusmarc
852##$aГА РФ
$j335
937##$d55535088
$hПБ
035##$aRuPRLIB51032368
Формат отображения